| 000 | 00389cam a22001097a 4500 | ||
|---|---|---|---|
| 008 | 180718b-- xxu||||| |||| 00| 0 eng d | ||
| 082 | _aT123x54 I | ||
| 100 | _aIndia. Ministry of Industry | ||
| 245 | _aIndex number of wholesale prices in India (base 1981-82) | ||
| 260 |
_aNew Delhi _bThe author _c-- |
||
| 500 | _aAuthor is also published as Ministry of Industry. Office of the Economic Adviser | ||
| 999 |
_c487614 _d487614 |
||